000 00776nam a2200217Ia 4500
001 17918
003 GE_BSU
008 181216s||||||||xx |||||||||||||| ||und||
040 _cGE_BSU
080 _a821.353.1-1
100 _aმაჭავარიანი, მ. (მუხრან, 1929-2010)
245 _aწითელი მზე და მწვანე ბალახი
245 _cრედ.: ი. აბაშიძე. მხატვ. ი.ჯანაშვილი
260 _aთბილისი
260 _bსაბჭ. მწერალი
260 _c1958
300 _a72 გვ. ; 17 სმ
653 _aლექსები
653 _aწითელი მზე და მწვანე ბალახი
942 _cBK
999 _c50961
_d50961